| 000 | 01020cab a22002055a 4500 | ||
|---|---|---|---|
| 001 | L137474 | ||
| 008 | 070410e20070315xxk f 000 0 eng d | ||
| 035 | _a(Sirsi) u137474 | ||
| 041 | 0 | _aeng | |
| 100 | 1 | _aAtkinson, Daniel | |
| 245 | 0 | 0 | _aHow all risk cover works |
| 260 | _c2007 | ||
| 490 |
_aConstruction News _v(7009) 15 March 2007, 28(1) |
||
| 520 | _aShows how this cover works for the civil engineering industry by referring to the case of "CA Blackwell v Gerling Allegemeine Verischerungs AG" ([2007] EOHC 94 (Comn), unreported) where B wished to recover the costs of damage to roadworks due to rain. G had argued that an all risk policy was against risks of loss and not causes of loss. States that under all risk insurance the party must prove that its loss was fortuitous and within the policy's time period. | ||
| 590 | _aKA | ||
| 650 | 2 | 4 | _aCA BLACKWELL V GERLING ALLEGEMEINE VERISCHERUNGS AG |
| 651 | 4 |
_aEngland and Wales _y1543- |
|
| 690 | _aMANAGEMENT-BUSINESS MANAGEMENT-INSURANCE | ||
| 942 | _n0 | ||
| 999 |
_c78622 _d78622 |
||